Nemocnicu získala Provitae, poradcom exminister Ľ. Javorský zámer. Chod nemocnice podporí 15 miliónovou investíciou

Podrobná bibliografia
Hlavný autor: Šimoňáková, Mária, 1978- (Autor)
Médium: Článok
Jazyk:slovenčina
PhysicalDescription:Fotogr.
ISSN:1335-759X
Predmet:

MARC

LEADER 00000nab a2200000 ar4500
001 vtls008426770
003 SK-MaSNL
005 20260303065941.0
008 060127c20041125xo mr|p|||||||000 b|slo
038 |a SNSK 
040 |b slo  |c SNSK  |e AACR2 
041 0 |a slo 
044 |a xo  |c SK 
080 |a 362.111  |2 UDC-MRF-SK2 
080 |a 336.648  |2 UDC-MRF-SK2 
100 1 |a Šimoňáková, Mária,  |d 1978-  |4 aut  |9 115064 
245 1 0 |a Nemocnicu získala Provitae, poradcom exminister Ľ. Javorský  |b zámer. Chod nemocnice podporí 15 miliónovou investíciou  |c Mária Šimoňáková 
300 |b Fotogr. 
610 2 7 |a Nemocnica s poliklinikou (Gelnica, Slovensko)  |2 snsk  |9 59007 
610 2 7 |a Provitae (Drienov, Slovensko)  |2 snsk  |9 1066694 
650 0 7 |a investície  |2 snsk  |9 2292 
651 7 |a Gelnica (Slovensko)  |2 snsk  |9 16801 
651 7 |a Drienov (Slovensko)  |2 snsk  |9 30346 
773 0 |t Spišský denník Korzár  |g Roč. VI., č. 272 (25.11.2004), s. 1.  |x 1335-759X 
852 |a SNSK  |b KIS3GCP 
999 |c 1753387  |d 1755317